000 01074nam a2200241 i 4500
001 161321
003 ES-MaACL
005 20250603170003.0
008 180215q1927 sp |||| | spa d
080 _a821.134.2-22"19"
080 _a308(460)"18"
100 1 _aBaroja, Pío,
_d1872-1956
_925752
245 1 0 _aEntretenimientos
_b: (dos sainetes y una conferencia) /
_cPío Baroja.
260 _aMadrid :
_bCaro Raggio,
_c[1927?]
300 _a182 p. ;
_c19 cm.
505 8 _aContiene: ;
_tArlequín, mancebo de botica, o Los pretendientes de Colombina ;
_tChinchín, comediante, o Las ninfas del Bidasoa ;
_tTres generaciones : conferencia leída en la Casa del Pueblo de Madrid el día 17 de mayo de 1926
651 4 _aEspaña-
_xSituación social-
_yS.XIX
_98512
740 0 2 _aArlequín, mancebo de botica, o Los pretendientes de Colombina.
740 0 2 _aChinchín, comediante, o Las ninfas del Bidasoa.
740 0 2 _aTres generaciones.
852 _aES-MaACL
_jL-31875
_z. - Donat. herederos de la bibl. de Mª del Pilar Costa Palacín
999 _c161321
_d161321